ბათუმის შოთა რუსთაველის სახელმწიფო უნივერსიტეტის ბიბლიოთეკა

ქართული ენა (ბიბ.ჩანაწერი № 53407)

000 -LEADER
fixed length control field 00902nam a2200241Ia 4500
001 - CONTROL NUMBER
control field 20450
003 - CONTROL NUMBER IDENTIFIER
control field GE_BSU
008 - FIXED-LENGTH DATA ELEMENTS--GENERAL INFORMATION
fixed length control field 181216s||||||||xx |||||||||||||| ||und||
040 ## - CATALOGING SOURCE
Transcribing agency GE_BSU
080 ## - UNIVERSAL DECIMAL CLASSIFICATION NUMBER
Universal Decimal Classification number 811.353.1-84(075.3=161.1)
100 ## - MAIN ENTRY--PERSONAL NAME
Personal name ლორთქიფანიძე,პ. ჩინჩალაძე, მ. დვალი,ს. ნემსაძე, ა.
245 ## - TITLE STATEMENT
Title ქართული ენა
245 ## - TITLE STATEMENT
Remainder of title რუს. სკოლის VII კლ. სახელმძღვ.
245 ## - TITLE STATEMENT
Statement of responsibility, etc. რედ. გ. ახალაია. ლ. გურეშიძე
260 ## - PUBLICATION, DISTRIBUTION, ETC.
Place of publication, distribution, etc. თბილისი
260 ## - PUBLICATION, DISTRIBUTION, ETC.
Name of publisher, distributor, etc. განათლება
260 ## - PUBLICATION, DISTRIBUTION, ETC.
Date of publication, distribution, etc. 1983
300 ## - PHYSICAL DESCRIPTION
Extent 167გვ. : ილ. ; 22სმ.
653 ## - INDEX TERM--UNCONTROLLED
Uncontrolled term რუს. სკოლის VII კლ. სახელმძღვ.
653 ## - INDEX TERM--UNCONTROLLED
Uncontrolled term ქართული ენა
942 ## - ADDED ENTRY ELEMENTS (KOHA)
Koha item type წიგნი
ეგზემპლარები
Withdrawn status Lost status Damaged status Not for loan Date acquired Barcode Date last seen Price effective from Koha item type
        2018-12-17 53439 2018-12-17 2018-12-17 წიგნი